| 000 | 00773nam a2200265Ia 4500 | ||
|---|---|---|---|
| 008 | 170203s9999 xx 000 0 und d | ||
| 020 | _a9780753406298 | ||
| 050 | _a0 30 | ||
| 050 | _bG131i 2001 | ||
| 100 | _aGaff, Jackie. | ||
| 245 | _aMountains have snow on top : and other questions about mountains / | ||
| 245 | _cJackie Gaff. | ||
| 260 | _aDanbury, Connecticut : | ||
| 260 | _bGrolier, | ||
| 260 | _c2008 | ||
| 300 | _a32 pages : | ||
| 300 | _bcolor illustrations ; | ||
| 300 | _c29 cm. | ||
| 440 | _aI wonder why series. | ||
| 500 | _aIncludes index. | ||
| 650 | _aChildren's questions and answers. | ||
| 650 | _aMountains -- Miscellanea -- | ||
| 650 | _xJuvenile literature. | ||
| 700 | _aI wonder why mountains have snow on top., Title. | ||
| 999 |
_c305639 _d305639 |
||